000 00597nam a22002057a 4500
005 20251108164212.0
008 250721s1992 xx 000 0 ara d
082 1 4 _a301.3509565/عبي
100 1 _aعبيدات، سليمان أحمد
245 1 0 _aكفر سوم و ذكريات الماضي /
264 1 _aإربد :
_bالمؤلف،
_c1992.
300 _a176ص.
650 1 7 _aالمجتمع الرعوي
650 1 7 _aالأردن
650 1 7 _aكفر سوم ( قرية )
650 1 7 _aالأحوال الإجتماعية
650 1 7 _aإربد
942 _2ddc
_cBK
999 _c6236
_d6236